Elementary Spelling: MLB Teams Quiz Stats

 Plays Quiz not verified by Sporcle

Challenge
Share
Tweet
Embed
Score 0/7 Timer 03:00
0 Plays Today
Team Name % Correct
Atlanta Braves
88.5%
Cinncinati Reds
88.5%
Chicago Cubs
84.6%
Pittsburgh Pirates
80.8%
Milwaukee Brewers
76.9%
Washington Nationals
76.9%
Tampa Bay Rays
76.9%

You're not logged in!

Compare scores with friends on all Sporcle quizzes.
Join for Free
OR
Log In

You Might Also Like...

Show Comments

Extras

Top Quizzes Today


Score Distribution

Your Account Isn't Verified!

In order to create a playlist on Sporcle, you need to verify the email address you used during registration. Go to your Sporcle Settings to finish the process.

Report this User

Report this user for behavior that violates our Community Guidelines.

Details: